00501 2200193 4500001002100000005001700021006001900038008004100057020001800098035002500116084001400141100001900155245002400174260003100198650001500229990002100244990002100265990002100286INLIS00000000001005820150511105114.0a ||| | 170609| ||| |  a979-9417-05-8 a0010-021500000000460 aFIK AGU j0 aAgus Kurniawan00aJiwa yang terpidana a-bCitra Adi Bangsac[s.a] 0aFiksi Anak a1976/b/kpad/2010 a1977/b/kpad/2010 a1978/b/kpad/2010